| 000 | 00479nam a2200181Ia 4500 | ||
|---|---|---|---|
| 005 | 20250508162820.0 | ||
| 008 | 008 250505s9999 xx 000 0 eng d | ||
| 037 | _aTextual | ||
| 040 |
_aFEDL _beng _cFEDL |
||
| 041 |
_aeng _2eng |
||
| 084 |
_a575.1, JAG _qFEDL |
||
| 100 | _aJagjit Singh | ||
| 245 | 0 | _aGenetics today | |
| 260 |
_aNew Delhi, India _bNational Book Trust _c1988 |
||
| 300 | _ax,229p | ||
| 942 |
_cTEXL _h575.1, JAG |
||
| 999 |
_c1378857 _d1378857 |
||